| 000 | 00472nab a2200145Ia 4500 | ||
|---|---|---|---|
| 003 | ES-SlBCS | ||
| 005 | 20210601132722.0 | ||
| 008 | 140529s1983 xxu||||| |||| 00| 0 ita d | ||
| 041 | _aita | ||
| 100 | 1 |
_aBrovelli, Franco _922438 |
|
| 245 | 0 | 0 |
_aPer uno studio dei messali francesi del XVIII secolo. Saggi di analisis (III) _c Franco Brovelli |
| 648 | 4 |
_aSiglo XVIII _987986 |
|
| 773 | 0 |
_tEphemerides Liturgicae _gvol. 97, nº. 1, 1983, págs. 482-549 _wRev176 |
|
| 942 | _cAR | ||
| 999 |
_c584618 _d584618 |
||